Global dialogue
Guardado en:
| Formato: | Seriadas |
|---|---|
| Idioma: | Spanish |
| Publicado: |
NIcosia :
Centre for world dialogue,
1999
|
| Etiquetas: |
Agregar Etiqueta
Sin Etiquetas, Sea el primero en etiquetar este registro!
|
| LEADER | 00345nas a22001215a 4500 | ||
|---|---|---|---|
| 001 | DER.der000772 | ||
| 005 | 20170505000000.0 | ||
| 008 | 180615s1999####||||||||||||||||||||spa|| | ||
| 245 | 1 | 0 | |a Global dialogue |
| 260 | |a NIcosia : |b Centre for world dialogue, |c 1999 | ||
| 300 | 0 | |a 141 p. | |
| 859 | |a DERECHO |b BIB. DERECHO |p 001379.1 | ||
| 859 | |a DERECHO |b BIB. DERECHO |p 001379.2 | ||
